00716nam a2200241 a 4500001001300000003000900013005001700022008004100039020001200080082001600092100002000108245002400128260004700152300000900199500003500208505003000243650003200273700002000305902000800325942000700333952011700340999001700457nice12345678IN_TiNIC20260116013840.0050524s1996 chia grp 000 0 eng  ac857.500a207.73bGIL aGilpin, W Clark aPreface to Theology aChicagobUniversity of Chicago Pressc1996 a211p aincludes index and biblioraphy2 aBiographical Notes, Index aTheology-Study and Teaching1 aGilpin, W Clark bSRS cBK 001040708StackRoom-aHMIbHMId2007-06-14g857.50l0o207.73 GILp018397r2007-06-14v857.50w2005-05-24yBK c12803d12803